| 000 | 01044nam a22002175i 4500 | ||
|---|---|---|---|
| 001 | 157110 | ||
| 003 | ES-MaACL | ||
| 005 | 20250824063052.0 | ||
| 008 | 020322s1864 sp |||| | spa d | ||
| 040 |
_aCAM _bspa _cCAM |
||
| 100 | 1 |
_aLarra y Wetoret, Luis Mariano de, _d1830-1901 _970289 |
|
| 245 | 1 | 3 |
_aLa ínsula Barataria _b: zarzuela en tres actos y en verso / _cletra de Luis Mariano de Larra ; música de Emilio Arrieta. |
| 260 |
_aMadrid : _b[s.n.], _c1864 ( _fImprenta de José Rodriguez) |
||
| 300 |
_a81, [4], 4 p. ; _c20 cm. |
||
| 500 | _aEn port.: Estrenada en el teatro del Circo, el 23 de diciembre de 1864. | ||
| 500 | _aSolo la letra. | ||
| 596 | _aEn verso de port. consta: "... de la galería dramática y lírica titulada El Teatro ..." | ||
| 700 | 1 |
_aArrieta, Emilio, _d1821-1894 _9224497 |
|
| 852 |
_aES-MaACL _jF-8611(6) _z-- Enc. pasta española _q-- Falto de la cub. original _z-- Enc. en un vol. facticio formando parte de la col. facticia "Teatro español moderno", vol. 66 |
||
| 999 |
_c157110 _d157110 |
||